[Event "AUTO-MASTER-803"]
[Site "http://www.queenalice.com/game.php?id=588267"]
[Date "2009.5.14"]
[Round "1"]
[White "popcorn"]
[Black "MAGALINGsaROMANSAngChicks"]
[Result "1-0"]
[WhiteElo "2168"]
[BlackElo "1994"]

1. d4 d5 2. c4 c6 3. Nf3 Bf5 4. e3 Nf6 5. Bd3 Bxd3 6. Qxd3 e6 7. Nc3 Be7 8. O-O
Nbd7 9. b3 a6 10. Bb2 b5 11. cxd5 cxd5 12. Rfc1 O-O 13. Nd2 Rc8 14. f3 h6 15. e4
Nh7 16. exd5 e5 17. dxe5 Nxe5 18. Qf5 Bf6 19. Nce4 Rxc1+ 20. Rxc1 Qb6+ 21. Kf1
Re8 22. Nxf6+ Qxf6 23. Qe4 Ng5 24. Qe2 Qf5 25. h4 Nh7 26. Re1 f6 27. Ne4 Nf8 28.
Nd6 Qg6 29. Nxe8 Qxe8 30. f4 1-0

[Event "AUTO-MASTER-803"]
[Site "http://www.queenalice.com/game.php?id=588268"]
[Date "2009.5.14"]
[Round "1"]
[White "MAGALINGsaROMANSAngChicks"]
[Black "arvo1938"]
[Result "0-1"]
[WhiteElo "2018"]
[BlackElo "1884"]

1. e4 c5 2. Nf3 Nc6 3. d4 cxd4 4. Nxd4 e5 5. Nb5 d6 6. Be3 a6 7. N5c3 Nf6 8. Nd5
Nxd5 9. exd5 Ne7 10. c4 Nf5 11. Bd3 Qa5+ 12. Nc3 Be7 13. O-O O-O 14. Qh5 g6 15.
Qf3 Kg7 16. Ne4 Nxe3 17. fxe3 f5 18. Qg3 fxe4 19. Bxe4 Bd7 20. h4 Qb6 21. h5
Rxf1+ 22. Rxf1 Be8 23. Qg4 Qxe3+ 24. Kh1 Qg5 25. Qe6 Qxh5+ 26. Kg1 Qg5 27. Bf3
Qf6 28. Qh3 Qg5 29. Bg4 b5 30. b3 bxc4 31. bxc4 h5 32. Be6 Qh4 33. Qf3 Qd4+ 34.
Kh1 Qxc4 35. Rf2 Rb8 36. Rf1 Qxa2 37. Bf7 Bxf7 38. Qxf7+ Kh6 39. Qxe7 Qxd5 40.
Rf7 Qd1+ 41. Kh2 Rh8 42. Qf6 Rh7 43. Rf8 Qd4 44. Rg8 Qf4+ 45. Qxf4+ exf4 46. Ra8
Rd7 47. Rxa6 d5 48. Rf6 Kg5 49. Re6 d4 50. Kg1 d3 0-1

[Event "AUTO-MASTER-803"]
[Site "http://www.queenalice.com/game.php?id=588269"]
[Date "2009.5.14"]
[Round "1"]
[White "arvo1938"]
[Black "MAGALINGsaROMANSAngChicks"]
[Result "0-1"]
[WhiteElo "1886"]
[BlackElo "2007"]

1. e4 e5 2. Nf3 d6 3. d4 f5 4. Nc3 Nf6 5. Bg5 h6 6. Bxf6 Qxf6 7. d5 Be7 8. Be2
O-O 9. O-O f4 10. Nb5 Bd8 11. c4 a6 12. Nc3 Be7 13. Rc1 Bg4 14. h3 Bh5 15. Qb3
b6 16. Rfe1 Nd7 17. Qc2 Qg6 18. Nh2 f3 19. Bxf3 Bxf3 20. Nxf3 Rxf3 21. Kh2 Rf4
22. Re3 Raf8 23. f3 Bg5 24. Ree1 Nc5 25. b4 Nd7 26. Ne2 R4f7 27. a4 Bxc1 28.
Rxc1 Qg5 29. c5 bxc5 30. bxc5 Nxc5 31. Nc3 Qf4+ 32. Kh1 Rf6 33. a5 Qe3 34. Na4
Nd3 35. Rf1 Rg6 36. Qxc7 Nf2+ 37. Rxf2 Qxf2 38. Qxg7+ Rxg7 39. g4 Qxf3+ 40. Kh2
Qf2+ 41. Kh1 Qg3 42. g5 Rf1# 0-1

[Event "AUTO-MASTER-809"]
[Site "http://www.queenalice.com/game.php?id=591907"]
[Date "2009.5.22"]
[Round "1"]
[White "ammoreira"]
[Black "MAGALINGsaROMANSAngChicks"]
[Result "0-1"]
[WhiteElo "1907"]
[BlackElo "1981"]

1. d4 d5 2. Nf3 Nf6 3. e3 e6 4. Bd3 c5 5. b3 Nc6 6. Bb2 Bd7 7. O-O b6 8. Nbd2
Be7 9. Re1 Rc8 10. e4 Nxe4 11. Nxe4 dxe4 12. Bxe4 cxd4 13. Nxd4 Nxd4 14. Bxd4
O-O 15. Re3 Bf6 16. Bxf6 Qxf6 17. Rc1 Rfd8 18. Rd3 Bb5 19. Rxd8+ Rxd8 20. Qh5 g6
21. Qxb5 Rd2 22. Rf1 Rd8 23. Bd3 e5 24. h3 Qf4 25. Qc4 Qf6 0-1

[Event "AUTO-MASTER-809"]
[Site "http://www.queenalice.com/game.php?id=591908"]
[Date "2009.5.22"]
[Round "1"]
[White "MAGALINGsaROMANSAngChicks"]
[Black "ammoreira"]
[Result "1-0"]
[WhiteElo "1967"]
[BlackElo "1921"]

1. e4 d5 2. exd5 Qxd5 3. Nc3 Qa5 4. Nf3 Bg4 5. h3 Bh5 6. Bc4 e6 7. O-O Nf6 8. d3
c6 9. Bd2 Qc7 10. a3 Bd6 11. Qe2 Nbd7 12. Rae1 O-O-O 13. b4 Ne5 14. g4 Nxc4 15.
dxc4 Nxg4 16. hxg4 Bxg4 17. Qe4 Bxf3 18. Qxf3 Bh2+ 19. Kg2 Rxd2 20. Ne4 Rxc2 21.
c5 Rd8 22. Rd1 f5 23. Ng5 Rxd1 24. Rxd1 Qe7 25. Qe3 Bc7 26. Nxh7 1-0

[Event "AUTO-MASTER-809"]
[Site "http://www.queenalice.com/game.php?id=591921"]
[Date "2009.5.22"]
[Round "1"]
[White "MAGALINGsaROMANSAngChicks"]
[Black "pony"]
[Result "0-1"]
[WhiteElo "2026"]
[BlackElo "2175"]

1. e4 c6 2. f4 d5 3. exd5 cxd5 4. d4 Nf6 5. c4 Nc6 6. Nc3 dxc4 7. d5 Na5 8. Bxc4
Nxc4 9. Qa4+ Bd7 10. Qxc4 e6 11. dxe6 Bxe6 12. Qe2 Be7 13. Be3 O-O 14. Rd1 Qc7
15. Nf3 Bc5 16. O-O Bc4 17. Qf2 Bxe3 18. Qxe3 Bxf1 19. Rxf1 Ng4 20. Qd2 Rad8 21.
Nd4 Qc5 22. Ne2 Rfe8 23. h3 Rxe2 24. Qxe2 Qxd4+ 25. Kh1 Nf6 26. g3 Ne4 27. Re1
Nxg3+ 0-1

[Event "AUTO-MASTER-809"]
[Site "http://www.queenalice.com/game.php?id=591922"]
[Date "2009.5.22"]
[Round "1"]
[White "pony"]
[Black "MAGALINGsaROMANSAngChicks"]
[Result "1-0"]
[WhiteElo "2183"]
[BlackElo "2016"]

1. Nf3 d5 2. c4 Nf6 3. cxd5 Nxd5 4. Nc3 Nc6 5. g3 e5 6. Bg2 Be6 7. O-O Bd6 8. d3
f5 9. Ng5 Nxc3 10. bxc3 Qf6 11. Nxe6 Qxe6 12. Rb1 Qc8 13. Qb3 Na5 14. Qa4+ Nc6
15. Rxb7 O-O 16. Qxc6 f4 17. c4 fxg3 18. hxg3 Qf5 19. c5 Be7 20. Rxc7 Rae8 21.
Qe4 Qf6 22. Rc6 Qf7 23. Qd5 Qxd5 24. Bxd5+ Kh8 25. Be3 Bf6 26. Rc7 a6 27. c6 Rd8
28. Rd7 1-0

[Event "AUTO-MASTER-809"]
[Site "http://www.queenalice.com/game.php?id=591923"]
[Date "2009.5.22"]
[Round "1"]
[White "MAGALINGsaROMANSAngChicks"]
[Black "LUKK22"]
[Result "0-1"]
[WhiteElo "2010"]
[BlackElo "2145"]

1. e4 d6 2. f4 g6 3. d4 Bg7 4. Nf3 Nf6 5. Bd3 O-O 6. O-O c5 7. f5 cxd4 8. fxg6
fxg6 9. Ng5 e6 10. Bc4 d5 11. exd5 Nxd5 12. Bd3 Ne3 13. Rxf8+ Bxf8 14. Bxe3 dxe3
15. Nxh7 Qb6 16. Qe2 Qxb2 17. Qg4 Qc1+ 18. Bf1 Kxh7 19. Qh4+ Kg8 20. Qf6 e2 21.
Qxg6+ Bg7 22. Qe8+ Kh7 23. Qh5+ Qh6 24. Qxe2 Bxa1 25. Nd2 Bd4+ 26. Kh1 Nc6 27.
Nf3 Bf6 28. h3 e5 29. Qe4+ Kh8 30. Bd3 Be6 31. Kh2 Rg8 32. Qe3 Qxe3 0-1

[Event "AUTO-MASTER-809"]
[Site "http://www.queenalice.com/game.php?id=591924"]
[Date "2009.5.22"]
[Round "1"]
[White "LUKK22"]
[Black "MAGALINGsaROMANSAngChicks"]
[Result "1-0"]
[WhiteElo "2129"]
[BlackElo "2002"]

1. g4 d5 2. Bg2 e5 3. c4 Nf6 4. g5 Nfd7 5. Bxd5 Qxg5 6. Nf3 Qe7 7. d4 c6 8. Be4
Nf6 9. Bc2 e4 10. Nfd2 Bf5 11. Nc3 Nbd7 12. f3 O-O-O 13. fxe4 Bg6 14. Rg1 Nh5
15. Nf3 Nc5 16. e5 Ne6 17. d5 cxd5 18. cxd5 Nef4 19. d6 Qe6 20. Bb3 Qf5 21. Be3
Qh3 22. Nb5 Ng2+ 23. Rxg2 Qxg2 24. Qc1+ Kb8 25. Qc7+ 1-0

[Event "Challenge"]
[Site "http://www.queenalice.com/game.php?id=598301"]
[Date "2009.6.4"]
[Round "-"]
[White "MAGALINGsaROMANSAngChicks"]
[Black "mandaragit"]
[Result "0-1"]
[WhiteElo "1991"]
[BlackElo "2074"]

1. e4 c5 2. Nf3 d6 3. d4 cxd4 4. Nxd4 Nf6 5. Nc3 Nc6 6. Be3 g6 7. Bd3 Bg7 8. O-O
O-O 9. f4 Ng4 10. Qd2 Nxd4 11. f5 Nxe3 12. Qxe3 Nc6 13. Rad1 Bd4 0-1

[Event "Challenge"]
[Site "http://www.queenalice.com/game.php?id=598302"]
[Date "2009.6.4"]
[Round "-"]
[White "mandaragit"]
[Black "MAGALINGsaROMANSAngChicks"]
[Result "1-0"]
[WhiteElo "2145"]
[BlackElo "1980"]

1. d4 d5 2. Nf3 Nc6 3. c4 e6 4. Nc3 Nf6 5. Bg5 Bb4 6. e3 h6 7. Bxf6 Qxf6 8. Bd3
a6 9. O-O Bxc3 10. bxc3 b5 11. cxb5 axb5 12. Bxb5 Bd7 13. Qa4 Rxa4 14. Bxa4 Nb8
15. Rfb1 Qd8 16. Bc2 O-O 17. a4 Qe7 18. a5 Na6 19. Bd3 Bc8 20. Ne5 c5 21. Rb6 c4
22. Bc2 Rd8 23. Nc6 Qc7 24. Nxd8 Qxd8 25. Ba4 f6 26. Bb5 Nc7 27. a6 Nxb5 28.
Rxb5 Bxa6 29. Rxa6 Qe8 30. Rb7 e5 31. Raa7 Qf8 32. Kf1 exd4 33. exd4 f5 34.
Rxg7+ Qxg7 35. Rxg7+ Kxg7 36. Ke2 Kg6 37. Kf3 Kg5 38. g3 h5 39. h4+ Kf6 40. Kf4
1-0

[Event "QA-ANNIV-05"]
[Site "http://www.queenalice.com/game.php?id=604158"]
[Date "2009.6.15"]
[Round "1"]
[White "mp3"]
[Black "MAGALINGsaROMANSAngChicks"]
[Result "1-0"]
[WhiteElo "1558"]
[BlackElo "1985"]

1. Nf3 Nc6 2. e4 e5 3. Bc4 Nf6 4. Ng5 d5 5. exd5 Na5 6. d3 Nxd5 7. Bxd5 Qxd5 8.
Nf3 Bg4 9. O-O Bxf3 10. Qxf3 Qxf3 11. gxf3 O-O-O 12. Bd2 Nc6 13. c4 Rxd3 14. Kg2
Nd4 15. Be3 Nc2 16. Nc3 Nxa1 17. Rxa1 Bb4 18. Bxa7 Bxc3 19. bxc3 b6 20. Rb1 Rxc3
21. Rb4 Kb7 22. Bxb6 cxb6 23. Kg3 f5 24. a4 Ka6 25. h4 Ka5 26. Rb2 Rxc4 27. Rb5+
Kxa4 28. Rxe5 g6 29. f4 1-0

[Event "AUTO-OPEN-1551"]
[Site "http://www.queenalice.com/game.php?id=657033"]
[Date "2009.9.23"]
[Round "2"]
[White "MAGALINGsaROMANSAngChicks"]
[Black "fernandocomparsi"]
[Result "1/2-1/2"]
[WhiteElo "1938"]
[BlackElo "1865"]

1. e4 e5 2. Nf3 Nc6 3. Bc4 d6 4. d4 exd4 5. Nxd4 Bd7 6. Nc3 Nf6 7. O-O Be7 8.
Be3 a6 9. a4 O-O 10. h3 Ne5 11. Bd3 Qc8 12. f4 Ng6 13. Qd2 Re8 14. Rad1 c6 15.
Qf2 Bd8 16. Nf3 b5 17. e5 dxe5 18. Bxg6 exf4 19. Bxf7+ Kxf7 20. Ng5+ Kg8 21.
Bxf4 b4 22. Nce4 Nxe4 23. Nxe4 Rxe4 24. Be5 Bf6 25. Bxf6 gxf6 26. Qxf6 Qe8 27.
Qg5+ Kh8 28. Qf6+ Kg8 29. Rd3 Bxh3 30. Rxh3 Rg4 31. Qf5 Rg6 32. Rff3 Qe7 33. Re3
Qg7 34. Re2 Qxb2 35. Qc5 Qa1+ 36. Kh2 Qf6 37. Qc4+ Qf7 38. Qxb4 a5 39. Qc5 Qf4+
40. g3 Qxa4 41. Re7 Rd8 42. Re2 Qb5 43. Qe7 Qg5 44. Qxh7+ Kf8 45. Qc7 Rd2 46.
Rh8+ Rg8 47. Rxg8+ Kxg8 48. Qc8+ Qd8 49. Qg4+ Kh8 50. Qh5+ Kg7 51. Qe5+ Kg8 52.
Qe6+ Kg7 1/2-1/2

[Event "AUTO-OPEN-1551"]
[Site "http://www.queenalice.com/game.php?id=657034"]
[Date "2009.9.23"]
[Round "2"]
[White "fernandocomparsi"]
[Black "MAGALINGsaROMANSAngChicks"]
[Result "1-0"]
[WhiteElo "1843"]
[BlackElo "1933"]

1. e4 e6 2. d4 d5 3. e5 c5 4. c3 Nc6 5. Nf3 cxd4 6. cxd4 Nge7 7. Nc3 Qb6 8. Na4
Qb4+ 9. Bd2 Nf5 10. Bxb4 Bxb4+ 11. Nc3 Bd7 12. a3 Ba5 13. Bd3 Nfxd4 14. Nxd4
Nxd4 15. Bxh7 Nc6 16. Bc2 Nxe5 17. O-O Bxc3 18. bxc3 O-O-O 19. Qd4 Nc6 20. Qxg7
f5 21. Rab1 e5 22. Qf7 d4 23. Bxf5 Nb8 24. cxd4 Bxf5 25. Qxb7# 1-0

[Event "AUTO-OPEN-1551"]
[Site "http://www.queenalice.com/game.php?id=657035"]
[Date "2009.9.23"]
[Round "2"]
[White "MAGALINGsaROMANSAngChicks"]
[Black "drd123"]
[Result "0-1"]
[WhiteElo "1945"]
[BlackElo "2155"]

1. e4 e5 2. Nf3 Nc6 3. Bc4 Nf6 4. Ng5 d5 5. exd5 Na5 6. Bb5+ Bd7 7. Qe2 Bd6 8.
Bxd7+ Qxd7 9. a3 Nxd5 10. c4 Nf4 11. Qf1 Nb3 12. g3 Ne6 13. Nxe6 Qxe6 14. c5
Bxc5 15. Qb5+ c6 16. Qxb7 O-O 17. O-O Nxa1 18. b4 Bd4 19. Qa6 Nb3 20. Nc3 Qf5
21. Ne2 Bb6 22. d3 Nxc1 23. Nxc1 Rae8 24. Qc4 Re6 0-1

[Event "AUTO-OPEN-1551"]
[Site "http://www.queenalice.com/game.php?id=657036"]
[Date "2009.9.23"]
[Round "2"]
[White "drd123"]
[Black "MAGALINGsaROMANSAngChicks"]
[Result "0-1"]
[WhiteElo "2136"]
[BlackElo "1913"]

1. c4 Nf6 2. Nc3 d5 3. cxd5 Nxd5 4. d4 e6 5. g3 Be7 6. Bg2 O-O 7. e4 Nf6 8. Nge2
c6 9. O-O b5 10. a4 b4 11. Na2 Ba6 12. Re1 Nbd7 13. Bd2 Rb8 14. Nec1 Qb6 15. Be3
Qc7 16. Bf4 Qb6 17. Bxb8 Rxb8 18. b3 c5 19. d5 e5 20. Nd3 c4 21. bxc4 Bxc4 22.
Nac1 a5 23. Nb2 Ba6 24. Nb3 Bc5 25. Nxc5 Nxc5 26. g4 h6 27. h4 Bc8 28. Nc4 Qa6
29. Nxe5 Qd6 30. f4 Ncd7 31. Nc6 Qxf4 32. Nxb8 Nxg4 33. Qxg4 Qxg4 34. Nc6 Qxh4
35. Rac1 Ba6 36. e5 Qg5 37. e6 fxe6 38. dxe6 Nf6 39. Ne7+ Kf8 40. Nc6 Bb7 41.
e7+ Ke8 42. Rc2 Nd5 43. Rc5 Bxc6 44. Rxc6 Nxe7 45. Rce6 Kf8 46. Rxe7 Qxe7 47.
Rxe7 Kxe7 48. Kf2 Kf6 49. Bd5 Kf5 50. Kf3 h5 51. Bb3 g5 52. Bc2+ Ke5 53. Ke3 g4
54. Bd1 Kf5 55. Bc2+ Kg5 56. Kf2 Kf4 57. Kg2 h4 58. Bb3 h3+ 59. Kh2 Kf3 60. Be6
g3+ 61. Kxh3 Kf2 62. Bd5 b3 63. Bxb3 g2 0-1

[Event "AUTO-OPEN-1551"]
[Site "http://www.queenalice.com/game.php?id=657037"]
[Date "2009.9.23"]
[Round "2"]
[White "MAGALINGsaROMANSAngChicks"]
[Black "zad2"]
[Result "1-0"]
[WhiteElo "1935"]
[BlackElo "1739"]

1. e4 e5 2. Nf3 Nc6 3. Bc4 Be7 4. d4 d6 5. Nc3 Bg4 6. h3 Bh5 7. Be3 exd4 8. Bxd4
Nxd4 9. Qxd4 Bxf3 10. gxf3 Bf6 11. Qd5 Qd7 12. Qxb7 Qc8 13. Qd5 Nh6 14. Nb5 O-O
15. Nd4 Rb8 16. b3 Qd7 17. O-O-O Bxd4 18. Qxd4 a5 19. Rhg1 g6 20. Qe3 Kg7 21. h4
a4 22. h5 axb3 23. Bxb3 Qc6 24. hxg6 hxg6 25. f4 Qa6 26. Qc3+ Kg8 27. Rh1 Qa3+
28. Kb1 Kh7 29. Rxh6+ 1-0

[Event "AUTO-OPEN-1551"]
[Site "http://www.queenalice.com/game.php?id=657038"]
[Date "2009.9.23"]
[Round "2"]
[White "zad2"]
[Black "MAGALINGsaROMANSAngChicks"]
[Result "0-1"]
[WhiteElo "1750"]
[BlackElo "1943"]

1. e4 e5 2. Nf3 Nc6 3. Bb5 d6 4. O-O a6 5. Ba4 Bd7 6. c3 Nf6 7. Re1 Be7 8. d4
exd4 9. cxd4 O-O 10. Nc3 h6 11. d5 Ne5 12. Bxd7 Nfxd7 13. Be3 Rc8 14. Qd2 Nxf3+
15. gxf3 Ne5 16. Qe2 Qd7 17. Bd4 Qh3 18. Bxe5 dxe5 19. Kh1 Bg5 20. Rg1 Bf4 21.
Rg2 Rfd8 22. Rag1 g5 23. Qc4 Qxf3 24. Ne2 c6 25. Nxf4 cxd5 26. Qb4 exf4 27. exd5
Qxd5 28. a3 Rc4 29. Qb6 Rd6 30. Qb3 b5 31. Qa2 Rc2 32. Qb1 Rxf2 33. Qc1 Rxg2 34.
Rxg2 Qd1+ 0-1